000 00473nam a2200169Ia 4500
003 OSt
005 20200120124047.0
008 190216s9999||||xx |||||||||||||| ||und||
040 _coclc
082 _a658
_bSHU/B
100 _aShukla, M C
_91149
245 0 _aBusiness Organisation And Management /
_cM C Shukla
250 _a17th ed.
260 _bSulthan Chand&Sons,
_c2002.
_aDelhi:
300 _a878p
942 _cBK
_2ddc
_h658
_iSHU/B
_k658
_mSHU/B
999 _c5205
_d5205